000
00307nam a22001337a 4500
008
170707b xxu||||| |||| 00| 0 eng d
020
_a
9780205655113
041
_a
eng
080
_2
4 ED
_a
82
100
_a
22
101
_a
GJL
245
_a
LITERATURE A POCKET ANTHOLOGY
_c
GWYNN.R.S
942
_2
udc
_c
BK
999
_c
20025
_d
20025